Prirodzená interakcia človek - robot

Saved in:
Bibliographic Details
Main Author: Tölgyessy, Michal (Author)
Other Authors: (Thesis advisor)
Format: Manuscript Book
Language:Slovak
Published: 2026
Subjects:
Online Access:http://is.stuba.sk/zp/portal_zp.pl?podrobnosti_zp=105318
Tags: Add Tag
No Tags, Be the first to tag this record!

MARC

LEADER 00000ntm a22000003a 4500
001 stuzp105318
003 SK-STU
005 20260321210341.4
007 ta
008 150427s2015----xo-----f-mn---000-0-slo-d
040 |a STU  |b slo 
041 0 |a slo 
100 1 |a Tölgyessy, Michal  |u 030690  |k Z1  |4 aut  |U FEI Fakulta elektrotechniky a informatiky  |T FEI Stredisko pre projekty a spoluprácu s praxou  |X 22286  |U 030690  |Y 387  |7 A000022286 
242 0 1 |a Natural Human-Robot Interaction  |y eng 
245 1 0 |a Prirodzená interakcia človek - robot 
260 |c 2026 
650 4 |a HRI  |2 slo 
650 4 |a Robotika  |2 slo 
650 4 |a Gestá  |2 slo 
650 4 |a Robotics  |2 eng 
650 4 |a Gestures  |2 eng 
650 4 |a HRI  |2 eng 
700 1 |a ,  |4 ths  |X null  |7 null 
856 4 |u http://is.stuba.sk/zp/portal_zp.pl?podrobnosti_zp=105318